000 02516cam a22006134i 4500
003 PE-LiUPU
005 20250731170419.0
008 150623s2000 mx a rb 000 0 spa d
020 _a0767405099
020 _a9780767405096
035 _a(Sirsi) i9780767405096
040 _aPE-LiUPU
_bspa
_cPE-LiUPU
_dPE-LiUPU
_erda
049 _aPRUA
082 0 4 _a155.28
_bC68
_221
100 1 _aCohen, Ronald Jay,
_eautor.
245 1 0 _aPruebas y evaluación psicológicas :
_bIntroducción a las pruebas y a la medición /
_cRonald Jay Cohen.
264 1 _aMéxico :
_bMcGraw-Hill/Interamericaca editores,
_c2000.
300 _a807 páginas :
_bilustraciones ;
_c25 centímetros
336 _atext
_2rdacontent
337 _aunmediated
_2rdamedia
338 _avolume
_2rdacarrier
504 _aIncluye bibliografía.
505 0 _aPruebas y evaluación psicológicas -- Consideraciones históricas, culturales y ético/legales -- Un repaso de estadística -- Normas, correlación e inferencia -- Confiabilidad -- Validez -- Elaboración de pruebas -- La inteligencia y su medición -- Pruebas de inteligencia. Valoración en la etapa preescolar y educativa -- Evaluación de la personalidad: una revisión -- Evaluación clínica y de orientación psicológica -- Evaluación neuropsicológica -- La evaluación de personas con necesidades educativas especiales -- Evaluación, carreras y negocios. Evaluación psicológica asistida por computadora.
526 _aSEG68
526 _aSEG70
526 _aSEG69
526 _aSEG67
526 _aSEG43
526 _aP144
526 _aP143
526 _aP131
526 _aP122
526 _aP120
526 _aP117
526 _aP112
526 _aP110
526 _aP106
526 _aP101
526 _aP80
526 _aP59
526 _aP54
526 _aP35
526 _aP33
526 _aP30
650 0 4 _aPruebas psicológicas
_vLibros de texto.
650 0 4 _aPsicometría
_vLibros de texto.
700 1 _aSwerdlik, Mark E.,
_eautor.
942 _2ddc
_cBOOK
949 _a155.28 C68
_wDEWEY
_c1
_i48277
_lCCODEBUL1
_mBUL
_r0
_sY
_tBOOK
_u2015-6-24
_xEDUCACION
_zUNKNOWN
_0COMPRA
_o.STAFF. Colección Ciencias de la Salud
994 _aC0
_bPEPRU
596 _a1
999 _a155.28 C68
_wDEWEY
_c25904
_i48277
_d25904
_f2021-11-3
_g5
_lCCODEBUL1
_mBUL
_p63.60
_q1
_r0
_sY
_tBOOK
_u2015-6-24
_xSALUD
_zUNKNOWN
_0COMPRA
_o.STAFF. Colección Ciencias de la Salud
980 _81
_gALBERTO SANCHEZ Responsable de Automatización